000 00527 a2200193 4500
003 OSt
005 20180116182643.0
008 160816b xxu||||| |||| 00| 0 eng d
020 _a1567203396
040 _c0
082 _a658.848 NOO 1999
100 _aChris Noonan
245 _aThe CIM Handbook of Export Marketing
_cChris Noonan
250 _a2nd
260 _aUSA
_bOxford University Press
_c1999
300 _a601 p.
_bPB
440 _aThe CIM Handbook of Export Marketing
942 _aNBS
_cBK
_k658.848 NOO 1999
_2ddc
999 _c343511
_d343511